Reforma administrativa local. Presupuestos locales 1981 : texte íntegre dels números 20 ... i 27 ... de la col·lecció de publicacions del PSOE 'Cuadernos de formación y divulgación socialista'... texte íntegre dels números 20 ... i 27 ... de la col·lecció de publicacions del PSOE 'Cuadernos de formación y divulgación socialista'...
Descripción Física:
156 f. ; 30 cm
Colección:
Administració ; 4
Materias:
Administració local
MARC
| LEADER | 00000nam a2200000Ia 4500 | ||
|---|---|---|---|
| 001 | 8890 | ||
| 008 | 160829s1981 xx 000 0 cat d | ||
| 080 | |a M-1-108 | ||
| 245 | |a Reforma administrativa local. Presupuestos locales 1981 : |b texte íntegre dels números 20 ... i 27 ... de la col·lecció de publicacions del PSOE 'Cuadernos de formación y divulgación socialista'... | ||
| 260 | |a Barcelona : |b Servei de Premsa de la Diputació de Barcelona, |c 1981 | ||
| 300 | |a 156 f. ; |c 30 cm | ||
| 490 | |a Administració ; 4 | ||
| 650 | 0 | |a Administració local |9 34286 | |
| 710 | 1 | |9 54967 |a Barcelona (Catalunya : Província). |b Servei de Premsa | |
| 901 | |a Arxiu | ||
| 942 | |n 1 |2 udc | ||
| 952 | |0 0 |1 0 |4 0 |6 M1108 |7 1 |9 42105 |a Arxiu |b Arxiu |d 2016-12-01 |l 0 |o M-1-108 |p 8890 |r 2016-12-01 00:00:00 |w 2016-12-01 |y ARXIU | ||
| 999 | |c 44552 |d 44552 | ||